| 000 | 01631nam a2200529 i 4500 | ||
|---|---|---|---|
| 001 | 34185 | ||
| 003 | KOSZ 005 | ||
| 005 | 20220215114238.0 | ||
| 008 | 220215s1998 pl a f 001 0 pol | ||
| 015 | _aUWD 1999/2308 | ||
| 020 | _a8371970420 | ||
| 035 | _a991009040869705066 | ||
| 035 | _a(PL-WaBN)b1235899x-48omnis_nlop | ||
| 035 | _ab1235899x | ||
| 035 | _a(OCoLC)749687168 | ||
| 035 | _azz2005867710 | ||
| 035 | _a(PL)b0000001235899 | ||
| 035 | _a(EXLNZ-48OMNIS_NETWORK)9910476616605606 | ||
| 040 |
_aWA N _cWA N _dKOSZ 005/RW |
||
| 041 | 1 |
_apol _heng |
|
| 046 | _k1998 | ||
| 080 | _a004.451 | ||
| 080 | _a004.77 | ||
| 080 | _a(07) | ||
| 100 | 1 |
_aBall, Bill _eAutor |
|
| 245 | 1 | 0 |
_aLinux / _cBill Ball ; [tłumaczenie Michał Mosiewicz]. |
| 260 |
_aGliwice : _b"Helion", _ccopyright 1998. |
||
| 300 |
_a356 stron : _brysunki, wykresy ; _c24 cm + _eCD-ROM. |
||
| 336 |
_aTekst _btxt _2rdacontent |
||
| 337 |
_aBez urządzenia pośredniczącego _bn _2rdamedia |
||
| 338 |
_aWolumin _bnc _2rdacarrier |
||
| 380 | _aKsiążki | ||
| 380 | _aPublikacje fachowe | ||
| 380 | _aPublikacje dydaktyczne | ||
| 388 | 1 | _a1901-2000 | |
| 388 | 1 | _a1989-2000 | |
| 504 | _aIndeks. | ||
| 650 | 7 |
_aLinux _2DBN |
|
| 650 | 7 |
_aSystemy operacyjne _2DBN |
|
| 655 | 7 |
_aPodręcznik _2DBN |
|
| 658 | _aInformatyka i technologie informacyjne | ||
| 700 | 1 |
_aMosiewicz, Michał _eTłumaczenie |
|
| 710 | 2 |
_aHelion _4pbl |
|
| 856 |
_uhttp://koha.tu.koszalin.pl/cgi-bin/koha/opac-detail.pl?biblionumber=34185 _yKatalog online BPK |
||
| 942 |
_2UKD _cKS |
||
| 999 |
_c34185 _d34185 |
||